| 000 | 01081nam0a22002771 4500 | ||
|---|---|---|---|
| 001 | rc\4913582 | ||
| 005 | 20250613040048.0 | ||
| 021 |
_aRU _b[65-50389] |
||
| 035 | _a(NLR Aleph) 008936746 | ||
| 090 |
_a8919985 _c8919985 |
||
| 100 | _a20130426d1965 |||y0rusy50 ca | ||
| 101 | 0 | _arus | |
| 102 | _aRU | ||
| 105 | _ay z ||||| | ||
| 200 | 1 |
_aСто лет спустя _e(Негритянский народ США борется за свои гражд. права) _fО-во "Знание" РСФСР. Ленингр. организация |
|
| 210 |
_aЛенинград _cБ. и. _d1965 |
||
| 215 |
_a40 с. _d20 |
||
| 300 | _aПеред загл. авт.: канд. ист. наук В.К. Фураев | ||
| 606 |
_aНегры в США _2psbo |
||
| 606 |
_aРасовая дискриминация в США _2psbo |
||
| 700 | 1 |
_4570 _7ca _8rus _aФураев _bВ. К. _f1921-1999 _gВиктор Константинович _9138710 _3RU\NLR\AUTH\770138745 |
|
| 801 | 0 |
_aRU _bNLR _gpsbo |
|
| 801 | 1 |
_aRU _bELAR _2rusmarc |
|
| 852 |
_aNLR _j65-4/10369 |
||
| 942 | _cBOOK | ||
| 980 | _aNB | ||